Catálogo público

Guia para Producir Cartamo en el Valle de Santo Domingo / (Record no. 175100)

MARC details
000 -CABECERA
campo de control de longitud fija 00805nam a2200253Ia 4500
001 - NÚMERO DE CONTROL
campo de control dia_4442
003 - IDENTIFICADOR DEL NÚMERO DE CONTROL
campo de control CHAP
005 - FECHA Y HORA DE LA ÚLTIMA TRANSACCIÓN
campo de control 20251015145055.0
008 - DATOS DE LONGITUD FIJA--INFORMACIÓN GENERAL
campo de control de longitud fija 220117s1983 xx 000 0 und d
010 ## - NÚMERO DE CONTROL DE LA BIBLIOTECA DEL CONGRESO
Número de control de LC 175100
040 ## - FUENTE DE LA CATALOGACIÓN
Centro/agencia transcriptor CHAP
Centro catalogador/agencia de origen mxchpua
Normas de descripción rda
090 ## - LOCALMENTE ASIGNADO TIPO-LC NÚMERO DE CLASIFICACIÓN (OCLC); NÚMERO DE CLASIFICACIÓN LOCAL (RLIN)
Número de clasificación (OCLC) (R) ; Numero de clasificación, CALL (RLIN) (NR) Folleto 2360
100 ## - ENTRADA PRINCIPAL--NOMBRE DE PERSONA
Nombre de persona Ley Quiñones, José Gerardo
9 (RLIN) 66560
245 ## - MENCIÓN DE TÍTULO
Título Guia para Producir Cartamo en el Valle de Santo Domingo /
Mención de responsabilidad, etc. J. Gerardo Ley Quiñones y Guadalupe Valle Mercado
260 ## - PUBLICACIÓN, DISTRIBUCIÓN, ETC.
Lugar de publicación, distribución, etc. México :
Nombre del editor, distribuidor, etc. Campo Agrícola Experimental Valle de Santo Domingo,
Fecha de publicación, distribución, etc. 1983
300 ## - DESCRIPCIÓN FÍSICA
Extensión 12 p.
500 ## - NOTA GENERAL
Nota general S/c (Folleto Para Productores, 4)
650 #0 - PUNTO DE ACCESO ADICIONAL DE MATERIA--TÉRMINO DE MATERIA
Término de materia o nombre geográfico como elemento de entrada Cártamo
9 (RLIN) 155727
856 ## - LOCALIZACIÓN Y ACCESO ELECTRÓNICOS
Nombre del host +
901 ## - ELEMENTOS DE DATOS A LOCAL LDA (RLIN)
a FOLLETO 2360
902 ## - ELEMENTOS DE DATOS B LOCAL, LDB (RLIN)
a M
905 ## - ELEMENTOS DE DATOS E LOCAL, LDE (RLIN)
a 0000001983 mx A 0000000000spa00
942 ## - ELEMENTOS DE PUNTO DE ACCESO ADICIONAL (KOHA)
Tipo de ítem Koha Folleto
Fuente del sistema de clasificación o colocación Clasificación Universidad Autónoma de Chapingo
Holdings
Estado de retiro Estado de pérdida Fuente del sistema de clasificación o colocación Estado dañado No para préstamo Localización permanente Ubicación/localización actual Fecha de adquisición Total de préstamos Código de barras Fecha visto por última vez Número de copia Precio válido a partir de Tipo de ítem Koha
    Clasificación Universidad Autónoma de Chapingo     Ingenieria Agroindustrial Ingenieria Agroindustrial 18/01/2022   dia_FOLLETO 2360 18/01/2022 2 18/01/2022 Folleto